Vainqueurs du tournoi ATP de Moselle (Metz) - Statistiques

Statistiques générales
  • Ce quiz a été pris 27 fois
  • Le résultat moyen est 10 sur 20
Statistiques - réponses
Année Vainqueur % Correct
2011 Tsonga
91%
2012 Tsonga
91%
2015 Tsonga
91%
2019 Tsonga
91%
2023 Humbert
86%
2009 Monfils
86%
2010 Simon
55%
2013 Simon
55%
2018 Simon
55%
2006 Djokovic
50%
2016 Pouille
41%
2003 Clément
32%
2014 Goffin
32%
2022 Sonego
32%
2017 Gojowczyk
23%
2021 Hurkacz
23%
2007 Robredo
18%
2004 Haehnel
9%
2005 Ljubičić
9%
2008 Toursounov
5%
Aucun quiz correspondant
Distribution des résultats
% des personnes avec chaque résultat
Percentile par nombre de réponses
Votre historique - résultats
Vous n’avez pas pris ce quiz